000 00371nam a2200145 i 4500
001 79345
003 ES-MaACL
005 20230906173946.0
007 t|
008 041021s1914 bl ||||1| por d
100 1 _aFontes, Hermes.
_951641
245 1 0 _aCyclo da perfeicâo /
_cHermes Fontes.
260 _aRío de Janeiro :
_b[s.n.,
_c1914]
852 _aES-MaACL
_j1497-F-1
999 _c79345
_d79345